Escondida / (Registro nro. 57593)

Detalles MARC
000 -CABECERA
Longitud fija campo de control 02103nam a2200361 c 4500
003 - • IDENTIFICADOR DELl NÚMERO DE CONTROL
Identificador del número de control CO-BoRNBP
005 - • FECHA Y HORA DE LA ÚLTIMA TRANSACCIÓN
Fecha y hora de la última transacción 20250714120702.0
007 - • CAMPO FIJO DE DESCRIPCIÓN FÍSICA
Campo fijo de descripción física ta
008 - • CÓDIGOS DE INFORMACIÓN DE LONGITUD FIJA
Códigos de información de longitud fija 231019t2022 ck a|||br ||| 00| j spa d
020 ## - • NÚMERO INTERNACIONAL NORMALIZADO PARA LIBROS
Número Internacional Normalizado para Libros (ISBN) 9789585338685
040 ## - FUENTE DE LA CATALOGACIÓN
Centro catalogador de origen CO-BoRNBP
Lengua de catalogación spa
Normas de descripción rda
Centro transcriptor CO-BoRNBP
041 0# - • CÓDIGO DE LENGUA
Código de lengua del texto/banda sonora o título independiente spa
043 ## - CÓDIGO DE ÁREA GEOGRÁFICA
Código de área geográfica n-mx--
084 ## - • Clasificación Local Alfanúmerica PNLB
Número de clasificación C
100 ## - • PUNTO DE ACCESO PRINCIPAL-NOMBRE DE PERSONA
Nombre de persona Córdova, Adolfo,
Fechas asociadas al nombre 1983-
Término indicativo de función aut
245 10 - • TITULO PROPIAMENTE DICHO
Título Escondida /
Mención de responsabilidad, etc. Adolfo Córdova ; ilustraciones Amanda Mijangos.
250 ## - • MENCIÓN DE EDICIÓN
Mención de edición Primera edición
Resto de la mención de edición Primera reimpresión
264 #1 - PRODUCCIÓN, PUBLICACIÓN , DISTRIBUCIÓN, FABRICACIÓN Y COPYRIGHT
Lugar de producción, publicación, distribución, fabricación Bogotá, Colombia :
Nombre del productor, editor, distribuidor, fabricante Cataplum Libros,
Fecha de de producción, publicación, distribución, fabricación o copyright 2023
300 ## - • DESCRIPCIÓN FÍSICA
Extensión [20] páginas sin numerar :
Otras características físicas ilustraciones a color
336 ## - TIPO DE CONTENIDO
Término de tipo de contenido texto
Código de tipo de contenido txt
Fuente rdacontent
337 ## - TIPO DE MEDIO
Nombre del tipo de medio sin mediación
Código del tipo de medio n
Fuente rdamedia
338 ## - TIPO DE SOPORTE
Nombre del tipo de soporte volumen
Código del tipo de soporte nc
Fuente rdacarrier
500 ## - • NOTA GENERAL
Nota general Libro en tipo acordeón plegable
520 3# - • NOTA DE RESUMEN
Resumen, etc, Escondida es una historia donde dos voces líricas se entrecruzan en este libro que invita al lector a acercarse a la vida secreta de una niña que, con su propia voz, nos cuenta la complejidad y riqueza de su mundo interior: aunque no está a la vista del adulto ha crecido dentro de ella. Por otro lado, está la voz del adulto, que se acerca y distancia de la niña reconociendo ese mundo interior y su singularidad. Este poema escrito por Adolfo Córdova es de una delicadeza extrema que encuentra su contrapartida en el trabajo de Amanda Mijangos, quien con lápiz, monotipia de óleo sobre papel, acuarela y trabajo digital, nos muestra con metáforas visuales ese mundo interior. El libro entraña una maravillosa sorpresa: se trata de un acordeón (tapa dura y con lomo) que permite el recorrido por las dos voces y por imágenes propias de la naturaleza. (Apartes del texto)
521 1# - • NOTA DE PÚBLICO DESTINATARIO
Nota público destinatario (R ) Recomendado para un público infantil mayor de 6 años
650 07 - • PUNTO DE ACCESO ADICIONAL DE MATERIA - TÉRMINO DE MATERIA
Término de materia o nombre geográfico como elemento inicial Cuentos infantiles mexicanos
Subdivisión cronológica siglo xxi
Fuente del encabezamiento o término lemb
650 07 - • PUNTO DE ACCESO ADICIONAL DE MATERIA - TÉRMINO DE MATERIA
Término de materia o nombre geográfico como elemento inicial Literatura mexicana
Subdivisión cronológica siglo xxi
Fuente del encabezamiento o término lemb
650 07 - • PUNTO DE ACCESO ADICIONAL DE MATERIA - TÉRMINO DE MATERIA
Término de materia o nombre geográfico como elemento inicial Naturaleza en la literatura
Fuente del encabezamiento o término lemb
650 07 - • PUNTO DE ACCESO ADICIONAL DE MATERIA - TÉRMINO DE MATERIA
Término de materia o nombre geográfico como elemento inicial Niños en la literatura
Fuente del encabezamiento o término lemb
700 ## - • PUNTO DE ACCESO ADICIONAL - NOMBRE DE PERSONA
Nombre de persona Mijangos, Amanda,
Fechas asociadas al nombre 1986-
Término indicativo de función ill
942 ## - ENTRADA DE ELEMENTOS AGREGADOS (KOHA)
Fuente de clasificaión o esquema
Koha [por defecto] tipo de item Literatura Infantil
Existencias
Perdido Fuente de clasificación o esquema Estado Físico No para préstamo Forma de adquisición Localización permanente Localización actual Localización en estanterías Fecha adquisición Préstamos totales Signatura completa Código de barras Fecha última consulta Número de copia Fecha del precio de reemplazo Tipo de item de Koha
  Dewey Decimal Classification     Infantil Biblioteca Pública La Macarena Biblioteca Pública La Macarena Sala Infantil 07/14/2025   CCOR22 LM02517 07/14/2025 Ej.1 07/14/2025 Literatura Infantil









Instituto Departamental de Cultura del Meta - Red Departamental de Bibliotecas Públicas del Meta.